Sports Quiz

Random Sports or German Quiz

2017/18 Bundesliga Head Coaches Quiz Stats

 Plays Quiz not verified by Sporcle

Challenge
Share
Tweet
Embed
Score 0/28 Timer 10:00
0 Plays Today
Hint Head Coach % Correct
FC Bayern MünchenCarlo Ancelotti
96.3%
FC Bayern MünchenJupp Heynckes
94%
Borussia DortmundPeter Bosz
91.4%
Borussia DortmundPeter Stöger
91.2%
TSG 1899 HoffenheimJulian Nagelsmann
88.9%
1. FC KölnPeter Stöger
86.4%
RB LeipzigRalph Hasenhüttl
84%
Eintracht FrankfurtNiko Kovač
80.2%
Borussia MönchengladbachDieter Hecking
79%
FC Schalke 04Domenico Tedesco
79%
VfL WolfsburgMartin Schmidt
79%
Bayer 04 LeverkusenHeiko Herrlich
71.6%
Hertha BSCPál Dárdai
71.6%
VfB StuttgartTayfun Korkut
71.4%
Hint Head Coach % Correct
SC FreiburgChristian Streich
70.4%
SV Werder BremenAlexander Nouri
70.4%
Hamburger SVMarkus Gisdol
69.1%
FC Bayern MünchenWilly Sagnol
66.7%
Hannover 96André Breitenreiter
65.4%
VfL WolfsburgBruno Labbadia
65%
Hamburger SVChristian Titz
64.7%
VfL WolfsburgAndries Jonker
61.7%
FC AugsburgManuel Baum
59.3%
VfB StuttgartHannes Wolf
59.3%
1. FSV Mainz 05Sandro Schwarz
51.9%
1. FC KölnStefan Ruthenbeck
51.4%
SV Werder BremenFlorian Kohfeldt
43.9%
Hamburger SVBernd Hollerbach
40.9%

You're not logged in!

Compare scores with friends on all Sporcle quizzes.
Join for Free
OR
Log In

You Might Also Like...

Show Comments

Extras

Top Quizzes Today


Score Distribution

Your Account Isn't Verified!

In order to create a playlist on Sporcle, you need to verify the email address you used during registration. Go to your Sporcle Settings to finish the process.

Report this User

Report this user for behavior that violates our Community Guidelines.

Details: